Statistics for Premiers of Canada

Click here to take the quiz!

General Stats

  • This quiz has been taken 8 times
    (2 since last reset)
  • The average score is 7 of 13

Answer Stats

Province/TerritoryPolitical PartyPremier% Correct
OntarioProgresive ConservativeDoug Ford
100%
AlbertaUnited ConservativeJason Kenney
100%
SaskatchewanSaskatchewan PartyScott Moe
100%
New BrunswickProgresive ConservativeBlaine Higgs
50%
Northwest TerritoriesN/A Consensus GovernmentCaroline Cochrane
50%
Prince Edward IslandProgresive ConservativeDennis King
50%
QuebecCoalition Avenir QuebecFrancois Legault
50%
ManitobaProgresive ConservativeHeather Stefanson
50%
British ColombiaNew Democratic (NDP)John Horgan
50%
YukonLiberalSandy Silver
50%
Nova ScotiaProgressive ConservativeTim Houston
50%
Newfoundland and LabradorLiberalAndrew Furey
0%
NunavutN/A Consensus GovernmentP.J. Akeeagok
0%

Score Distribution

Percentile by Number Answered

Percent of People with Each Score

Your Score History

You have not taken this quiz since the last reset